000 00697nam a22002417a 4500
003 UA-OsUOA
001 52972
007 ta
008 20080311b un ||||| |||| 00| 0 ukr d
100 _aАринин Е. И.
090 _a2(075.8)
_bА81
942 _cBK
040 _aUA-OsUOA
_brus
_cUA-OsUOA
_dUA-OsUOA
245 _aРелигиговедение. Введение в основные концепции и термины
_bУчебное пособие для вузов
300 _a320 с.
955 _a2
041 _arus
080 _a2(075.8)
020 _a5-8291-0457-1
260 _aМ.
_bАкадемически проект
_c2004
650 7 _2UDC
999 _c339063
_d339063